| 000 | 00425nam a2200181Ia 4500 | ||
|---|---|---|---|
| 001 | 9270 | ||
| 005 | 20260306160711.0 | ||
| 008 | 260306t1992||||xx |||||||||||||| ||spa|| | ||
| 041 | _aESP | ||
| 082 |
_a378.01 _bC35 |
||
| 100 |
_aCastrejón Diez, Jaime _eAUT |
||
| 245 | 0 | _aLa universidad y el sistema | |
| 260 | _c1992 | ||
| 300 |
_a280 páginas : _c23 cm. |
||
| 650 | _aGEN | ||
| 654 | _aCED | ||
| 942 |
_cLIB _dJUS _fJUS _2ddc _n |
||
| 999 |
_c9270 _d9270 |
||